[Event "Challenge"]
[Site "http://www.queenalice.com/game.php?id=1288511"]
[Date "2014.6.15"]
[Round "-"]
[White "INSPETOR"]
[Black "eddval"]
[Result "1-0"]
[WhiteElo "2189"]
[BlackElo "2280"]

1. Nf3 d5 2. d4 Bf5 3. c4 e6 4. cxd5 exd5 5. Qb3 b6 6. Nc3 c6 7. e4 dxe4 8. Ne5
Be6 9. Bc4 Qd6 10. Bf4 b5 11. Nxf7 Bxc4 12. Nxd6+ Bxd6 13. Qd1 Bxf4 14. Qg4 Bh6
15. Qc8+ Kf7 16. Nxe4 Bd5 17. Nd6+ Ke7 18. Nf5+ Kf6 19. Qf8+ Bf7 20. Nd6 Ke6 21.
O-O 1-0

[Event "Challenge"]
[Site "http://www.queenalice.com/game.php?id=1288607"]
[Date "2014.6.16"]
[Round "-"]
[White "eddval"]
[Black "INSPETOR"]
[Result "0-1"]
[WhiteElo "2267"]
[BlackElo "2204"]

1. e4 e5 2. Nf3 Nf6 3. Nc3 Nc6 4. d4 exd4 5. Nxd4 Bb4 6. Nxc6 bxc6 7. Bd3 d5 8.
exd5 cxd5 9. O-O O-O 10. Bg5 c6 11. Qf3 Bd6 12. Bxf6 Qxf6 13. Qxf6 gxf6 14. Ne2
Be6 15. Ng3 Rab8 16. b3 Rfe8 17. Rad1 Bc7 18. h3 Be5 19. Ne2 Bd7 20. f4 Bb2 21.
Kf2 Ba3 22. Ng3 Bc5+ 0-1

[Event "AUTO-OPEN-3212"]
[Site "http://www.queenalice.com/game.php?id=1292822"]
[Date "2014.7.6"]
[Round "2"]
[White "INSPETOR"]
[Black "Adrianovlg"]
[Result "0-1"]
[WhiteElo "2210"]
[BlackElo "2308"]

1. Nf3 Nf6 2. e3 g6 3. d4 Bg7 4. Be2 d6 5. O-O O-O 6. Nc3 Nbd7 7. e4 e5 8. dxe5
Nxe5 9. Nxe5 dxe5 10. Qxd8 Rxd8 11. Bg5 c6 12. Rfd1 Be6 13. a3 a5 14. f3 h6 15.
Be3 b5 16. Rxd8+ Rxd8 17. Nd1 g5 18. Nf2 Nd7 19. a4 b4 20. Rd1 Rc8 0-1

[Event "AUTO-OPEN-3212"]
[Site "http://www.queenalice.com/game.php?id=1292823"]
[Date "2014.7.6"]
[Round "2"]
[White "Adrianovlg"]
[Black "INSPETOR"]
[Result "1-0"]
[WhiteElo "2317"]
[BlackElo "2201"]

1. e4 e5 2. Nf3 Nc6 3. d4 exd4 4. Nxd4 Nf6 5. Nc3 Bb4 6. Nxc6 bxc6 7. Bd3 O-O 8.
O-O Re8 9. Bg5 h6 10. Bxf6 Qxf6 11. Qd2 Rb8 12. a3 Bd6 13. Rab1 Bf4 14. Qd1 Be5
15. Na4 d5 16. exd5 Qf4 17. g3 Qxa4 18. Qf3 Bg4 19. Qg2 Bxb2 20. dxc6 Qxa3 21.
Rfe1 1-0

[Event "Challenge"]
[Site "http://www.queenalice.com/game.php?id=1299964"]
[Date "2014.8.7"]
[Round "-"]
[White "Evandrobit"]
[Black "INSPETOR"]
[Result "0-1"]
[WhiteElo "2305"]
[BlackElo "2205"]

1. e4 e5 2. Nf3 Nf6 3. Nxe5 d6 4. Nf3 Nxe4 5. Nc3 Nxc3 6. dxc3 Nc6 7. Bd3 Be7 8.
Be3 O-O 9. Qd2 Bg4 10. Nd4 Ne5 11. Be2 Bd7 12. h3 c5 13. Nf3 Bc6 14. O-O-O Qc7
15. Rhe1 Rfe8 16. Bg5 Bxg5 17. Qxg5 Re6 18. Nxe5 Rxe5 0-1

[Event "AUTO-OPEN-3216"]
[Site "http://www.queenalice.com/game.php?id=1300769"]
[Date "2014.8.10"]
[Round "2"]
[White "novoselic"]
[Black "INSPETOR"]
[Result "0-1"]
[WhiteElo "1953"]
[BlackElo "2220"]

1. e4 e5 2. Nf3 Nc6 3. Bc4 Nf6 4. d3 Bb4+ 5. c3 Be7 6. O-O d6 7. Nbd2 O-O 8. h3
Na5 9. b4 Nxc4 10. Nxc4 Be6 11. Ne3 c6 12. Bb2 a5 13. a3 b5 14. Ng5 Bd7 15. f4
exf4 16. Ng4 Nxg4 17. hxg4 Bxg5 18. Bc1 axb4 19. cxb4 Bf6 20. Ra2 Bd4+ 21. Raf2
Qg5 22. Bxf4 Qxf4 0-1

[Event "AUTO-OPEN-3216"]
[Site "http://www.queenalice.com/game.php?id=1300770"]
[Date "2014.8.10"]
[Round "2"]
[White "INSPETOR"]
[Black "novoselic"]
[Result "1-0"]
[WhiteElo "2224"]
[BlackElo "2056"]

1. d4 Nf6 2. Nf3 e6 3. c4 c5 4. d5 exd5 5. cxd5 d6 6. e4 g6 7. Nc3 Bg7 8. Bd3 a6
9. Qa4+ Bd7 10. Qc2 b5 11. a4 c4 12. Be2 O-O 13. axb5 a5 14. h3 Re8 15. Be3 Qc8
16. Nd2 Qb7 17. Nxc4 Nh5 18. Nxd6 Qc7 19. Nxe8 Bxe8 20. b6 Qd6 21. b7 Ra6 22.
Bxa6 Qxa6 23. Qb3 Nd7 24. b8=Q Nxb8 25. Qxb8 Kf8 26. Bc5+ Kg8 27. Qxe8+ Bf8 28.
Qxf8# 1-0

[Event "Challenge"]
[Site "http://www.queenalice.com/game.php?id=1304749"]
[Date "2014.8.28"]
[Round "-"]
[White "INSPETOR"]
[Black "dnptrs"]
[Result "1-0"]
[WhiteElo "2192"]
[BlackElo "2213"]

1. d4 Nf6 2. Nf3 e6 3. e3 c5 4. c4 cxd4 5. exd4 d5 6. cxd5 Bb4+ 7. Nc3 exd5 8.
Bd3 O-O 9. O-O Nc6 10. Qb3 h6 11. Bf4 Bd6 12. Be5 Be6 13. Qxb7 Nb4 14. Be2 Rb8
15. Qxa7 Ra8 16. Qxa8 Qxa8 17. Bxd6 1-0

[Event "AUTO-OPEN-3227"]
[Site "http://www.queenalice.com/game.php?id=1309705"]
[Date "2014.9.22"]
[Round "2"]
[White "INSPETOR"]
[Black "colombHouse"]
[Result "1/2-1/2"]
[WhiteElo "2228"]
[BlackElo "2586"]

1. Nf3 d5 2. e3 e6 3. d4 c5 4. c4 Nf6 5. cxd5 exd5 6. Bb5+ Bd7 7. Be2 cxd4 8.
exd4 Bd6 9. O-O Nc6 10. Nc3 O-O 11. Bg5 Be6 12. Qb3 a6 13. Bh4 h6 14. Rae1 g5
15. Bxg5 hxg5 16. Nxg5 Nxd4 17. Qa4 Bxh2+ 18. Kxh2 Nxe2 19. Nxe2 Ng4+ 20. Kg1
Qxg5 21. Qf4 Qxf4 22. Nxf4 Rfe8 23. f3 Nf6 24. Rf2 Bd7 25. Rd1 Kg7 26. Rfd2 Ba4
27. b3 Bxb3 28. axb3 Re3 29. Rb2 Rd8 30. Kf2 Rc3 31. g4 Rd7 32. Ne2 Rcc7 33.
Rbd2 Rc5 34. Nf4 a5 35. Rd4 b6 36. R4d3 b5 37. Ra1 Ra7 38. g5 Nd7 39. b4 Rc4
1/2-1/2

[Event "AUTO-OPEN-3227"]
[Site "http://www.queenalice.com/game.php?id=1309706"]
[Date "2014.9.22"]
[Round "2"]
[White "colombHouse"]
[Black "INSPETOR"]
[Result "1/2-1/2"]
[WhiteElo "2593"]
[BlackElo "2217"]

1. d4 Nf6 2. Nc3 d5 3. Bf4 e6 4. a3 Bd6 5. e3 Bxf4 6. exf4 Qd6 7. Qd2 O-O 8. Bd3
b6 9. Nf3 c5 10. Rd1 Nc6 11. O-O Bb7 12. Rfe1 Rad8 13. b3 Qc7 14. Qe3 a6 15. Ne2
c4 16. bxc4 dxc4 17. Bxc4 Na5 18. Bd3 Nc4 19. Bxc4 Qxc4 20. c3 Bxf3 21. Qxf3 Rc8
22. Rd3 Nd5 23. Qe4 g6 24. Rg3 Qb3 25. Rc1 Rc6 26. h4 Rfc8 27. Qe5 Qxa3 28. c4
Qf8 29. cxd5 Rxc1+ 30. Nxc1 Rxc1+ 31. Kh2 exd5 32. h5 Qd8 33. hxg6 fxg6 34. Qe6+
Kg7 35. f5 Qc7 36. f6+ Kf8 37. Qxd5 Rc6 38. Qg5 Kf7 39. Qh6 1/2-1/2

[Event "Challenge"]
[Site "http://www.queenalice.com/game.php?id=1320374"]
[Date "2014.11.4"]
[Round "-"]
[White "didene"]
[Black "INSPETOR"]
[Result "1-0"]
[WhiteElo "2162"]
[BlackElo "2231"]

1. e4 e5 2. Nf3 Nc6 3. Bb5 Nf6 4. O-O Nxe4 5. d4 exd4 6. Bxc6 dxc6 7. Re1 f5 8.
Ng5 Be7 9. Nxe4 fxe4 10. Rxe4 O-O 11. Rxd4 Qe8 12. Qe2 Bh4 13. Re4 Bxf2+ 14. Kh1
Qg6 15. Nc3 Bh3 16. Bg5 Bxg2+ 17. Kxg2 Qxg5+ 18. Rg4 1-0